000 00305nam a22001337a 4500
008 181016b xxu||||| |||| 00| 0 eng d
020 _a9780881336856
041 _aeng
080 _23rd
_a572
100 _a24
101 _aANT
245 _aField Projects in Anthropology
_cCrane,J.G
942 _2udc
_cBK
999 _c49837
_d49837